名古屋市電の路線名 - Statistics

General Stats
  • This quiz has been taken 10 times
  • The average score is 12 of 47
Answer Stats
路線名 区間 % Correct
笹島線 六反小学校前~名古屋駅前
78%
押切線 柳橋~押切町
67%
熱田線 栄~内田橋
67%
八事線 千早~八事/今池~大久手
67%
覚王山線 西裏町~覚王山
56%
中村線 笹島町~稲葉地町
56%
下之一色線 尾頭橋~下之一色
56%
大江線 内田橋~昭和町
56%
大曽根線 大曽根~東大曽根
56%
笠寺線 新瑞橋~笠寺西門前
56%
築地線 築地口~下之一色
44%
千早線 矢場町~千早町
44%
明道町線 明道町~菊井町
33%
東山公園線 覚王山~星ヶ丘
33%
栄町線 笹島町~千種駅前
22%
公園線 新栄町~上前津
22%
築港線 熱田駅前~名古屋港
22%
高岳線 東新町~大曽根
22%
堀内町線 名古屋駅前~那古野町
22%
御成通線 大曽根~上飯田
22%
御黒門線 上前津~大須
11%
下江川線 柳橋~船方
11%
上江川線 志摩町~浄心町
11%
行幸線 明道町~名古屋城
11%
東片端線 名古屋城~平田町
11%
葵町線 新栄町~平田町
11%
山口町線 平田町~赤塚
11%
東築地線 熱田伝馬町~南陽館前
11%
東郊線 鶴舞公園~堀田駅前/高辻~滝子
11%
高岳延長線 東新町~鶴舞公園
11%
岩井町線 大須~水主町
11%
大津町線 栄~大津橋
11%
押切浄心連絡線 押切町~浄心町
11%
藤成線 滝子~市立大学病院
11%
循環東線 矢田町十丁目~新瑞橋
11%
廓内線 大津橋~市役所
11%
水主町延長線 水主町~六反小学校前
11%
野立築地口線 日比野~築地口
11%
桜町西線 堀内町~名古屋駅前
11%
築地線支線 稲永町~西稲永
11%
広井町線 名古屋駅前~那古野町
11%
八熊東線 八熊通~高辻
11%
八熊東線東西連絡線 金山橋~池内町
11%
東臨港線 笠寺駅前~大江町
11%
清水口延長線 清水口~城北学校前
11%
循環北線 矢田町四丁目~矢田町十丁目
11%
浄心延長線 浄心町~秩父通
11%
No matching quizzes found
Score Distribution
Percent of People with Each Score
Percentile by Number Answered
Your Score History
You have not taken this quiz